| 000 | 00357pab a2200133 454500 | ||
|---|---|---|---|
| 008 | 180718b1990 xxu||||| |||| 00| 0 eng d | ||
| 245 |
_aSpecial issue _bProject A : The U.S. Army : Selection and classification Project |
||
| 260 | _c1990 | ||
| 300 | _a231-378 | ||
| 362 | _aSummer | ||
| 650 | _aArmy - U.S.A. | ||
| 773 | _aPersonnel Psychology | ||
| 909 | _a4130 | ||
| 999 |
_c4130 _d4130 |
||